<?xml version="1.0" encoding="UTF-8"?>
<record
    xmlns:xsi="http://www.w3.org/2001/XMLSchema-instance"
    xsi:schemaLocation="http://www.loc.gov/MARC21/slim http://www.loc.gov/standards/marcxml/schema/MARC21slim.xsd"
    xmlns="http://www.loc.gov/MARC21/slim">

  <leader>01064cam a2200265 i 4500</leader>
  <controlfield tag="001"> 82500</controlfield>
  <controlfield tag="003">BD-RjUL</controlfield>
  <controlfield tag="005">20231220113728.0</controlfield>
  <controlfield tag="008">231219s1974    enk           000 0 p    </controlfield>
  <datafield tag="035" ind1=" " ind2=" ">
    <subfield code="a">(BD-RjUL) 82500</subfield>
  </datafield>
  <datafield tag="040" ind1=" " ind2=" ">
    <subfield code="a">NNL</subfield>
    <subfield code="c">DLC</subfield>
    <subfield code="d">DLC</subfield>
    <subfield code="b">eng</subfield>
  </datafield>
  <datafield tag="041" ind1="0" ind2=" ">
    <subfield code="a">eng</subfield>
    <subfield code="a">per</subfield>
  </datafield>
  <datafield tag="082" ind1=" " ind2=" ">
    <subfield code="2">23</subfield>
    <subfield code="a">891.551</subfield>
    <subfield code="b">SAG 1974</subfield>
  </datafield>
  <datafield tag="100" ind1="0" ind2=" ">
    <subfield code="a">Sa'di</subfield>
    <subfield code="9">10607</subfield>
  </datafield>
  <datafield tag="245" ind1="1" ind2="4">
    <subfield code="a">&#x6AF;&#x644;&#x633;&#x62A;&#x627;&#x646; &#x634;&#x64A;&#x62E; &#x645;&#x635;&#x644;&#x62D; &#x627;&#x644;&#x62F;&#x64A;&#x646; &#x633;&#x639;&#x62F;&#x649; &#x634;&#x64A;&#x631;&#x627;&#x632;&#x649; = TheGulistan of Shaikh Muslihu d din sa'di of Shiraz /</subfield>
    <subfield code="c">translated by Edward B. Eastwick ; with an introductory preface, and a life of the author, from the &#x100;tish Kadah.</subfield>
  </datafield>
  <datafield tag="260" ind1=" " ind2=" ">
    <subfield code="a">London :</subfield>
    <subfield code="b">Sampson Low Marston,</subfield>
    <subfield code="c">1974.</subfield>
  </datafield>
  <datafield tag="300" ind1=" " ind2=" ">
    <subfield code="a">xi-138+, 172 pages ;</subfield>
    <subfield code="c">23 cm.</subfield>
  </datafield>
  <datafield tag="500" ind1=" " ind2=" ">
    <subfield code="a">Translation of Gulist&#x101;n.</subfield>
  </datafield>
  <datafield tag="500" ind1=" " ind2=" ">
    <subfield code="a">Reprint of the 1852 ed. published in Hertford under title: The Gulist&#x101;n; or, Rose Garden of She&#x1E35;&#x1E96; Mu&#x1E63;li&#x1E25;u&#x2BC;d-d&#x12B;n S&#x101;d&#x12B; of Sh&#x12B;r&#x101;z.</subfield>
  </datafield>
  <datafield tag="504" ind1=" " ind2=" ">
    <subfield code="a">Includes bibliographical references.</subfield>
  </datafield>
  <datafield tag="650" ind1=" " ind2="4">
    <subfield code="a">Persian poetry</subfield>
  </datafield>
  <datafield tag="650" ind1=" " ind2="4">
    <subfield code="v">Persian literature</subfield>
  </datafield>
  <datafield tag="700" ind1="1" ind2=" ">
    <subfield code="a">platts, John,</subfield>
    <subfield code="9">10608</subfield>
  </datafield>
  <datafield tag="942" ind1=" " ind2=" ">
    <subfield code="2">ddc</subfield>
    <subfield code="c">BK</subfield>
  </datafield>
  <datafield tag="999" ind1=" " ind2=" ">
    <subfield code="c">82500</subfield>
    <subfield code="d">82500</subfield>
  </datafield>
  <datafield tag="952" ind1=" " ind2=" ">
    <subfield code="0">0</subfield>
    <subfield code="1">0</subfield>
    <subfield code="2">ddc</subfield>
    <subfield code="4">0</subfield>
    <subfield code="7">1</subfield>
    <subfield code="8">NFIC</subfield>
    <subfield code="a">RUCL</subfield>
    <subfield code="b">RUCL</subfield>
    <subfield code="c">Reading</subfield>
    <subfield code="d">2023-12-19</subfield>
    <subfield code="l">0</subfield>
    <subfield code="o">F 891.551 SAG 1974</subfield>
    <subfield code="r">2023-12-19 00:00:00</subfield>
    <subfield code="t">C-1</subfield>
    <subfield code="w">2023-12-19</subfield>
    <subfield code="y">BK</subfield>
  </datafield>
</record>
